Catálogo público

Guía para la elaboración de una tesis / (Record no. 218617)

MARC details
000 -CABECERA
campo de control de longitud fija 03472nam a2200313 a 4500
003 - IDENTIFICADOR DEL NÚMERO DE CONTROL
campo de control CHAP
005 - FECHA Y HORA DE LA ÚLTIMA TRANSACCIÓN
campo de control 20250804101337.0
007 - CAMPO FIJO DE DESCRIPCIÓN FÍSICA--INFORMACIÓN GENERAL
campo de control de longitud fija ta
008 - DATOS DE LONGITUD FIJA--INFORMACIÓN GENERAL
campo de control de longitud fija 230424s20212019ag d|||fr|||| 001 0 spa d
020 ## - NÚMERO INTERNACIONAL ESTÁNDAR DEL LIBRO
Número Internacional Estándar del Libro 978-987-4051-10-3
040 ## - FUENTE DE LA CATALOGACIÓN
Centro catalogador/agencia de origen mxchpua
Centro/agencia transcriptor CHAP
Normas de descripción rda
050 10 - SIGNATURA TOPOGRÁFICA DE LA BIBLIOTECA DEL CONGRESO
Número de clasificación LB2369
Número de documento/Ítem .G57 2021
082 00 - NÚMERO DE LA CLASIFICACIÓN DECIMAL DEWEY
Número de clasificación 001.42
Número de documento/Ítem G57 2021
Número de edición 20
100 1# - ENTRADA PRINCIPAL--NOMBRE DE PERSONA
9 (RLIN) 186763
Nombre de persona Giró, Juan Francisco
Término indicativo de función/relación autor
245 10 - MENCIÓN DE TÍTULO
Título Guía para la elaboración de una tesis /
Mención de responsabilidad, etc. Juan Francisco Giró
250 ## - MENCIÓN DE EDICIÓN
Mención de edición 1a edición
264 ## - PRODUCCIÓN, PUBLICACIÓN, DISTRIBUCIÓN, FABRICACIÓN Y COPYRIGHT
Producción, publicación, distribución, fabricación y copyright Argentina :
Nombre del de productor, editor, distribuidor, fabricante Líbryco,
Fecha de producción, publicación, distribución, fabricación o copyright 2021
300 ## - DESCRIPCIÓN FÍSICA
Extensión xvii, 134 páginas :
Otras características físicas gráficas y tablas
336 ## - TIPO DE CONTENIDO
Fuente rdacontent
Término de tipo de contenido texto
Código de tipo de contenido txt
337 ## - TIPO DE MEDIO
Fuente rdamedia
Nombre/término del tipo de medio sin medio
Código del tipo de medio n
338 ## - TIPO DE SOPORTE
Fuente rdacarrier
Nombre/término del tipo de soporte volumen
Código del tipo de soporte nc
504 ## - NOTA DE BIBLIOGRAFÍA, ETC.
Nota de bibliografía, etc. Bibliografía : páginas 131-134
520 2# - SUMARIO, ETC.
Sumario, etc. Esta “Guía para la Elaboración de una Tesis” se apoya en tres pilares, que son: I) la profusa literatura sobre este tema, II) la experiencia del autor frente al aula, en la dirección de trabajos finales y tesis, participación en tribunales, comisiones evaluadoras y direcciones de proyectos y III) las vivencias del autor al elaborar sus propias tesis de grado y posgrado, que a pesar del largo tiempo transcurrido, le dejaron inolvidables recuerdos sobre los desafíos y dificultades que representaron tanto el propio trabajo como su defensa pública.<br/><br/>La palabra “Guía” que está presente en el título tiene la finalidad de establecer una diferencia con las numerosas obras de prestigiosos autores sobre este tema. En efecto, Guía es “algo que tutela, rige u orienta”, por lo que procura concentrar la atención en “qué hacer” y “cómo hacerlo”, en este caso durante la preparación de una tesis, dejando de lado las justificaciones, es decir las explicaciones “del porqué” o del respaldo de cada acción. Para esto último están precisamente los libros clásicos ya mencionados, a los que se recomienda acudir ante cualquier duda. Otra palabra del título es “elaboración”, que significa “acciones interrelacionadas que se orientan a la transformación de elementos o conceptos en otros de mayor complejidad”. La intención es enfatizar en el título la idea de que se está frente a un instructivo destinado a orientar y acompañar a un tesista hasta concretar su anhelo, que es el de completar y presentar exitosamente su tesis.<br/><br/>Son las experiencias ajenas y las propias las que han permitido vivir de cerca los problemas que enfrentan los tesistas, cargados de conocimientos y entusiasmo pero habitualmente carentes de una orientación oportuna. Esto les dificulta encontrar el camino y transitarlo con convicción y seguridad. Y tiene fuerte impacto, tanto en los mismos tesistas como en sus directores. En los primeros porque inevitablemente conduce a la necesidad de sucesivos intentos y correcciones, demandando plazos más prolongados. En los últimos, porque deben dispersar su atención al resolver aspectos formales en lugar de concentrarse en la esencia del trabajo y sus objetivos.<br/><br/>Procurando contribuir a dar respuesta a estas reiteradas dificultades el autor escribió esta Guía, que no es otra cosa que el material de sus cursos, apropiadamente clasificado, ampliado y ordenado. Los resultados dirán si el enfoque propuesto es el acertado.
650 13 - PUNTO DE ACCESO ADICIONAL DE MATERIA--TÉRMINO DE MATERIA
9 (RLIN) 38241
Término de materia o nombre geográfico como elemento de entrada Estadística
650 13 - PUNTO DE ACCESO ADICIONAL DE MATERIA--TÉRMINO DE MATERIA
9 (RLIN) 60221
Término de materia o nombre geográfico como elemento de entrada Investigación
Subdivisión general Metodología
650 13 - PUNTO DE ACCESO ADICIONAL DE MATERIA--TÉRMINO DE MATERIA
9 (RLIN) 144311
Término de materia o nombre geográfico como elemento de entrada Statistics
650 13 - PUNTO DE ACCESO ADICIONAL DE MATERIA--TÉRMINO DE MATERIA
9 (RLIN) 147181
Término de materia o nombre geográfico como elemento de entrada Research
Subdivisión general Methodology
942 ## - ELEMENTOS DE PUNTO DE ACCESO ADICIONAL (KOHA)
Fuente del sistema de clasificación o colocación Dewey Decimal Classification
Tipo de ítem Koha
Holdings
Estado de retiro Estado de pérdida Fuente del sistema de clasificación o colocación Estado dañado Restricciones de uso No para préstamo Código de colección Localización permanente Ubicación/localización actual Fecha de adquisición Fuente de adquisición Número de inventario Total de préstamos Signatura topográfica completa Código de barras Fecha visto por última vez Número de copia Precio válido a partir de Tipo de ítem Koha
    Dewey Decimal Classification   Préstamo interno   General Ingenieria Agroindustrial Ingenieria Agroindustrial 16/12/2021 Compra Carvann Books F. C 22 Consumo   001.42 G57 2021 1102014665 24/04/2023 Ej. 1 24/04/2023 Libro
    Dewey Decimal Classification   Préstamo 5 días   General Ingenieria Agroindustrial Ingenieria Agroindustrial 16/12/2021 Compra Carvann Books F. C 22 Consumo   001.42 G57 2021 1102014666 24/04/2023 Ej. 2 24/04/2023 Libro
    Dewey Decimal Classification   Préstamo interno   General Zootecnia Zootecnia 04/12/2023 Compra Libreria UACh No. 42508 S/N   001.42 G57 2021 5102007591 31/07/2025 Ej.1 31/07/2025 Libro
    Dewey Decimal Classification   Préstamo interno   General Zootecnia Zootecnia 04/12/2023 Compra Libreria UACh No. 42508 S/N   001.42 G57 2021 5102007592 31/07/2025 Ej.2 31/07/2025 Libro
    Dewey Decimal Classification   Préstamo interno   General Zootecnia Zootecnia 04/12/2023 Compra Libreria UACh No. 42508 S/N   001.42 G57 2021 5102007593 31/07/2025 Ej.3 31/07/2025 Libro
    Dewey Decimal Classification   Préstamo interno   General Zootecnia Zootecnia 04/12/2023 Compra Libreria UACh No. 42508 S/N   001.42 G57 2021 5102007594 31/07/2025 Ej.4 31/07/2025 Libro
    Dewey Decimal Classification   Préstamo interno   General Zootecnia Zootecnia 04/12/2023 Compra Libreria UACh No. 42508 S/N   001.42 G57 2021 5102007595 31/07/2025 Ej.5 31/07/2025 Libro